[Event "Club Championships A Grade"]
[Site "Wellington Chess Club"]
[Date "2020.10.29"]
[Round "5.7"]
[White "Wojnar, Jacek"]
[Black "Ross, Matt"]
[Result "1-0"]
[WhiteElo "2052"]
[BlackElo "1889"]

1. e4 e5 2. d4 Nc6 3. d5 Nce7 4. d6 Ng6 5. dxc7 Qxc7 6. Nc3 Nf6 7. Bd3 Bc5 8.
Nf3 Qb6 9. O-O Ng4 10. Qe2 d6 11. Na4 Qd8 12. Nxc5 dxc5 13. h3 h5 14. Rd1 Kf8
15. Bc4 Qe7 16. hxg4 hxg4 17. Ng5 Nf4 18. Bxf4 Be6 19. Nxe6+ fxe6 20. Bg3 Rh6
21. Qd2 g5 22. Qd6 Kf7 23. Qxe7+ Kxe7 24. Bxe5 Rf8 25. Bd6+ Kf7 26. Bxf8 Kxf8
27. Rd7 g3 28. fxg3 b5 29. Bxb5 a6 30. Ba4 c4 31. Rad1 c3 32. Rc7 Rh1+ 33. Kxh1
cxb2 34. Rd8# 1-0

[Event "Club Championships A Grade"]
[Site "Wellington Chess Club"]
[Date "2020.11.05"]
[Round "6.1"]
[White "Croad, Nicolas"]
[Black "Ker, Anthony"]
[Result "0-1"]
[WhiteElo "2440"]
[BlackElo "2437"]

1. e4 c5 2. Nf3 g6 3. d4 cxd4 4. Nxd4 Nc6 5. Nc3 Bg7 6. Be3 Nf6 7. Bc4 O-O 8.
Bb3 a5 9. O-O d6 10. h3 Nxd4 11. Bxd4 Bd7 12. a4 Bc6 13. Qd3 Nd7 14. Bxg7 Kxg7
15. Rad1 Nc5 16. Qe3 f6 17. Rfe1 Re8 18. f4 Nxb3 19. cxb3 Ra6 20. Nd5 Bxd5 21.
Rxd5 Qc7 22. Rb5 Rc6 23. b4 axb4 24. Rxb4 Rc5 25. Qb3 Rc1 26. Kf1 Rxe1+ 27.
Kxe1 Qc1+ 28. Ke2 Rc8 29. Qd3 Rc2+ 30. Kf3 Rd2 31. Qc4 Qg1 0-1

[Event "Club Championships A Grade"]
[Site "Wellington Chess Club"]
[Date "2020.11.05"]
[Round "6.2"]
[White "Russell, Athula"]
[Black "Cilia Vincenti, David"]
[Result "1-0"]
[WhiteElo "2250"]
[BlackElo "2264"]

1. Nf3 f5 2. d4 Nf6 3. Bf4 g6 4. e3 Bg7 5. h3 O-O 6. Be2 d6 7. O-O Qe8 8. Bh2
Ne4 9. c4 Nc6 10. Qb3 e5 11. c5+ Be6 12. Bc4 Bxc4 13. Qxc4+ Qf7 14. d5 Ne7 15.
Rd1 b5 16. Qxb5 Rab8 17. Qe2 Nxd5 18. cxd6 cxd6 19. Na3 Nb6 20. Rac1 Rfc8 21.
Rxc8+ Rxc8 22. Ra1 Rc5 23. Ne1 Rc8 24. f3 Nc5 25. Bg3 f4 26. Bf2 fxe3 27. Bxe3
d5 28. Bxc5 Rxc5 29. Nd3 Rc8 30. Rc1 Rxc1+ 31. Nxc1 Qf4 32. Nd3 Qd4+ 33. Nf2
Na4 34. Nb5 Qc5 35. b3 Qc1+ 36. Qd1 Qxd1+ 37. Nxd1 Nc5 38. Nxa7 e4 39. Nb5 d4
40. fxe4 Nxe4 41. Nb2 Kf7 42. Nd3 Ke6 43. a4 Nd2 44. a5 Kd7 45. a6 Kc8 46. a7
1-0

[Event "Club Championships A Grade"]
[Site "Wellington Chess Club"]
[Date "2020.11.05"]
[Round "6.3"]
[White "Dive, Russell"]
[Black "Forster, Bill"]
[Result "1-0"]
[WhiteElo "2414"]
[BlackElo "2019"]

1. f4 c5 2. Nf3 a6 3. g3 b5 4. a4 Bb7 5. e3 b4 6. Bg2 g6 7. d4 Bg7 8. c3 bxc3
9. bxc3 Nf6 10. Qb3 Bd5 11. c4 Be4 12. Nc3 Nc6 13. Nxe4 Nxe4 14. Ne5 Nxe5 15.
fxe5 Rb8 16. Qd3 f5 17. O-O Ng5 18. Ba3 cxd4 19. exd4 O-O 20. Rab1 d6 21. exd6
exd6 22. c5 Rxb1 23. Rxb1 dxc5 24. Bxc5 Re8 25. Qc4+ Kh8 26. d5 Ne4 27. Bb6 Qd6
28. a5 Nd2 29. Qa4 Re2 30. Rd1 Bc3 31. Qc6 Nc4 32. Qxc4 1-0

[Event "Club Championships A Grade"]
[Site "Wellington Chess Club"]
[Date "2020.11.05"]
[Round "6.4"]
[White "Tanoi, Edward"]
[Black "Wojnar, Jacek"]
[Result "1-0"]
[WhiteElo "1947"]
[BlackElo "2052"]

{Played as the results of the Joe Biden vs Donald Trump US elections start
rolling  in, the game could well be part of a thrilling plot to unseat those in
the corridors  of power.} 1. d4 d5 2. c4 e6 3. Nc3 c5 4. cxd5 cxd4 5. Qxd4 $6 (
5. Qa4+ Bd7 6. Qxd4 exd5 7. Qxd5 {the pawn sac allows Black easy development
and piece play.} ) 5... Nc6 6. Qa4 exd5 7. Nf3 Bc5 8. g3 Qb6 9. e3 Nf6 10. Bg2
O-O 11. O-O {White has got nothing  out of the opening while Black stands very
well.} 11... Bf5 12. a3 (12. Qf4 Bc2 13. b3) 12... Rac8 (12... a5) 13. b4 Be7
14. Nb5 $2 (14. Bb2 $1 {I had wanted to play this  but was concerned about d4.
In fact,} 14... d4 $2 15. Nxd4 Nxd4 16. exd4 Qxd4 17. Nd5 $18) 14... Bd3 $1
{although I didn't like Black's light squared bishop, I didn't dislike  it
that much! But having it back in the box would at least give me the two bishops
and a chance to gain the initiative and while the rooks aren't quite in play.}
15. Nbd4 Bxf1 16. Bxf1 Nxd4 17. Nxd4 Ne4 18. Qd7 Bd6 19. Bb2 Rfd8 20. Qg4 Bf8
21. Bd3 Qg6 22. Qf4 $6 Qf6 $1 {no more initiative. The queen exchange is forced
and I have  nothing to show for my material deficit.} 23. Bxe4 Qxf4 24. Bxh7+
Kxh7 25. gxf4 g6 26. Kg2 Bg7 27. Kf3 Bxd4 $6 {I was happy to see this. Now my
bishop has no equivalent  and occupies a commanding spot on the board. Could
this be the start of a comeback?} 28. Bxd4 b6 29. Rd1 f5 30. h4 Rc2 31. Bf6 Rd7
32. Kg3 Kg8 33. Kf3 Kf7 34. Be5 Rd8 35. h5 gxh5 36. Rh1 Kg6 37. Rg1+ Kh6 38.
Rg5 {Remarkably, I still have the initiative  and the position is more or less
equal.} 38... Ra2 39. Rxf5 Rg8 40. Rf6+ Rg6 41. Rf8 (41. Rf7 $1 {A harder move
to find but the reasons become immediately clear. g5 and Bg4+  keep Black
firmly on the back foot.} ) 41... Rc6 42. f5 Rcc2 43. Rh8+ $2 (43. Kg3 $1 Rxf2
44. Kh4 {and Black will have to give back the exchange with} 44... Rh2+ {to
maintain the  equilibrium.} ) 43... Kg5 44. Bf4+ Kxf5 45. Rxh5+ Ke6 46. Rh6+
Kf5 47. Rh5+ Kg6 48. Rxd5 Rxf2+ 49. Kg3 $2 $19 {trying to prevent Rxa3}  (49.
Ke4) 49... Rfd2 50. Re5 Rxa3 51. Kg4 Rg2+ 52. Kf3 Rb2 53. Rg5+ {for the next
few moves, the checks are a result of tiredness  and an acceptance that the
game has slipped away.} 53... Kf7 54. Rf5+ Ke6 55. Re5+ Kd7 56. Rd5+ Kc6 57.
Rd4 Ra4 58. Bd6 a5 {I expected this and decide the best option  is to give up a
pawn to try and generate counterplay down the centre as a pathway  to victory.}
59. e4 axb4 60. e5 Ra3+ 61. Ke4 Re2+ 62. Kf5 Rf3+ 63. Ke6 {the 'free'  moves
that allow my king down the board has increased the tension with only a few
minutes on our clocks.} 63... b3 {but now it's decision time. Do I halt the
progress of  the b3 pawn or try to force my pawn further down the board and
force Black to swap  it for a rook?} 64. Rc4+ Kb7 65. Ba3 Rfe3 $6 (65... b2)
66. Bd6 b5 {the situation  hasn't changed. My pathway to avoiding a loss could
be to stop Black's pawn or queen  my own. But perhaps there's another option.}
67. Rc1 Re1 68. Rc7+ Kb6 69. Kd7 b2 $4 70. Bc5+ {Black resigns as Ra7# can't be
prevented. An unlikely victory after  trending to a loss for so long and a
dramatic end to a sustained and unpredictable  battle. Perhaps a fitting game
against the backdrop of the political prize currently  at stake in the US and
with the world watching on. I doubt Trump would be amused.} 1-0

[Event "Club Championships A Grade"]
[Site "Wellington Chess Club"]
[Date "2020.11.05"]
[Round "6.5"]
[White "Pomeroy, Arthur"]
[Black "Jackson, Ross"]
[Result "1/2-1/2"]
[WhiteElo "2021"]
[BlackElo "2030"]

1. e4 c5 2. Nf3 e6 3. d4 cxd4 4. Nxd4 d6 5. Nc3 a6 6. g3 Ne7 7. Bg2 Nec6 8.
Nde2 h5 9. h3 b5 10. O-O Bb7 11. a4 b4 12. Na2 a5 13. c3 Na6 14. Bd2 bxc3 15.
Naxc3 Ne5 16. Nb5 Nc5 17. Nec3 Ned3 18. b3 g6 19. Be3 Bg7 20. Qe2 Nb4 21. Rab1
Qb6 22. Bd4 e5 23. Be3 h4 24. f4 hxg3 25. fxe5 dxe5 26. Qf3 f5 27. Qxg3 f4 28.
Qf3 Rd8 29. Bf2 Rd3 30. Qe2 1/2-1/2

[Event "Club Championships A Grade"]
[Site "Wellington Chess Club"]
[Date "2020.11.05"]
[Round "6.6"]
[White "Stone, Andrew"]
[Black "Sellen, Ian"]
[Result "0-1"]
[WhiteElo "2043"]
[BlackElo "2046"]

1. e4 e5 2. Nf3 d6 3. Bc4 Be7 4. d4 exd4 5. Nxd4 Nf6 6. Nc3 O-O 7. O-O Bd7 8.
Re1 Nc6 9. Bf4 a6 10. a4 Re8 11. h3 h6 12. Bh2 Bf8 13. f4 Nxd4 14. Qxd4 Be6 15.
Bxe6 Rxe6 16. Rad1 c5 17. Qc4 Qb6 18. e5 d5 19. Nxd5 Nxd5 20. Qxd5 Qxb2 21. f5
Ree8 22. Kh1 b5 23. f6 gxf6 24. e6 fxe6 25. Rxe6 Kh8 26. Qe4 Red8 27. Rf1 Bg7
28. Re7 Qd4 29. Qg6 Rg8 30. Bf4 Raf8 31. Qf5 Re8 32. Rd7 Qe4 33. Qxc5 Bf8 34.
Qc7 Qxg2# 0-1

[Event "Club Championships A Grade"]
[Site "Wellington Chess Club"]
[Date "2020.11.05"]
[Round "6.7"]
[White "Ross, Matt"]
[Black "Rossiter, Philip"]
[Result "1-0"]
[WhiteElo "1889"]
[BlackElo "1885"]

1. e4 e6 2. c4 c5 3. Nc3 Nc6 4. f4 d6 5. Nf3 a6 6. Be2 Qc7 7. d4 cxd4 8. Nxd4
Nf6 9. O-O Be7 10. a3 Bd7 11. Kh1 Rc8 12. b4 Nxd4 13. Qxd4 O-O 14. e5 Ne8 15.
Bb2 f6 16. Rad1 Rd8 17. Ne4 dxe5 18. fxe5 Bc6 19. Qe3 Rxd1 20. Bxd1 fxe5 21.
Rxf8+ Bxf8 22. Ng5 Bd7 23. Bb3 Qc6 24. Bxe5 Be7 25. Nf3 Nf6 26. Nd4 Qc8 27. c5
Ng4 28. Qg3 Nxe5 29. Qxe5 Kh8 30. Nxe6 Bf6 31. Qd6 Bc6 32. Kg1 Qe8 33. Bd5 h6
34. Bxc6 bxc6 35. Qf8+ Qxf8 36. Nxf8 Bb2 37. Ng6+ Kh7 38. Ne7 Bxa3 39. Nxc6 Kg6
40. Kf2 Kf6 41. Ke3 Ke6 42. Kd4 Bb2+ 43. Kc4 Bc1 44. Nb8 Bf4 45. Nxa6 Bxh2 46.
b5 Be5 47. b6 Kd7 48. Kd5 Bg3 49. c6+ 1-0

[Event "Club Championships A Grade"]
[Site "Wellington Chess Club"]
[Date "2020.11.12"]
[Round "7.1"]
[White "Ker, Anthony"]
[Black "Tanoi, Edward"]
[Result "1-0"]
[WhiteElo "2437"]
[BlackElo "1947"]

1. e4 e5 2. Nf3 Nc6 3. d4 exd4 4. Bc4 Nf6 5. e5 d5 6. Bb5 Ne4 7. Nxd4 Bd7 8.
Bxc6 bxc6 9. O-O Bc5 10. f3 Ng5 11. f4 Ne4 12. Be3 Bb6 13. Nc3 Nxc3 14. bxc3
O-O 15. Qf3 Qe7 16. Rae1 c5 17. Nb3 Bb5 18. Rf2 Rad8 19. Rd2 c6 20. Qf2 d4 21.
cxd4 c4 22. Nc5 Ba5 23. f5 Bxd2 24. Bxd2 c3 25. f6 gxf6 26. exf6 Qd6 27. Bxc3
Rde8 28. Re5 Kh8 29. Rh5 Rg8 30. Qh4 Rxg2+ 31. Kxg2 Re2+ 32. Kf3 Kg8 33. Qg5+
1-0

[Event "Club Championships A Grade"]
[Site "Wellington Chess Club"]
[Date "2020.11.12"]
[Round "7.2"]
[White "Sellen, Ian"]
[Black "Russell, Athula"]
[Result "0-1"]
[WhiteElo "2046"]
[BlackElo "2250"]

1. c4 e5 2. Nc3 Bb4 3. Nf3 Bxc3 4. bxc3 d6 5. d4 Nc6 6. e3 Nge7 7. Be2 O-O 8.
a4 Ng6 9. d5 Nb8 10. e4 a5 11. Be3 Na6 12. O-O Qe7 13. Ne1 Qh4 14. Bf3 f5 15.
g3 Qf6 16. exf5 Qxf5 17. Bg2 b6 18. Qd3 Qxd3 19. Nxd3 Bf5 20. Rfd1 Rab8 21. Bf1
Nc5 22. Be2 Bd7 23. Nb2 e4 24. Ra3 Ne5 25. Kg2 h6 26. Bd4 g5 27. h3 Kh7 28.
Bxe5 dxe5 29. Rd2 Rf6 30. Bd1 Rbf8 31. g4 Rf4 32. Bc2 h5 33. gxh5 Rh4 34. Bd1
Bxh3+ 0-1

[Event "Club Championships A Grade"]
[Site "Wellington Chess Club"]
[Date "2020.11.12"]
[Round "7.3"]
[White "Cilia Vincenti, David"]
[Black "Dive, Russell"]
[Result "1/2-1/2"]
[WhiteElo "2264"]
[BlackElo "2414"]

1. d4 Nf6 2. c4 c5 3. d5 b5 4. cxb5 a6 5. e3 d6 6. Nc3 g6 7. Nf3 Bg7 8. a4 O-O
9. e4 Ne8 10. Bg5 h6 11. Be3 Nd7 12. Qd2 Kh7 13. Be2 axb5 14. Bxb5 Nc7 15. Be2
Ba6 16. O-O Qb8 17. Bxa6 Rxa6 18. Qc2 Rb6 19. Rab1 Qa8 20. h4 Nf6 21. Rfd1 Rfb8
22. e5 Nfxd5 23. Nxd5 Nxd5 24. Qc4 Nxe3 25. fxe3 Kg8 26. exd6 exd6 27. h5 g5
28. b3 Re8 29. Rd3 Re4 30. Qc2 Qe8 31. Re1 Qe6 32. Nd2 Rh4 33. Nc4 Ra6 34. Qd1
Be5 35. Qf3 g4 36. Qb7 Qf6 37. Nxe5 dxe5 38. Qc8+ Kg7 39. Rd8 Rh1+ 40. Kxh1
Qh4+ 41. Kg1 Qxe1+ 42. Kh2 Qh4+ 43. Kg1 1/2-1/2

[Event "Club Championships A Grade"]
[Site "Wellington Chess Club"]
[Date "2020.11.12"]
[Round "7.5"]
[White "He, Paul"]
[Black "Jackson, Ross"]
[Result "0-1"]
[WhiteElo "1911"]
[BlackElo "2030"]

1. c4 Nf6 2. g3 e5 3. Bg2 c6 4. d3 d5 5. Nf3 dxc4 6. dxc4 Qxd1+ 7. Kxd1 Bd6 8.
Nc3 O-O 9. Bg5 Nbd7 10. Kc2 h6 11. h4 e4 12. Nd2 hxg5 13. hxg5 Nh7 14. Ndxe4
Be7 15. f4 g6 16. Rh6 Kg7 17. Rah1 Rh8 18. g4 Nb6 19. c5 Nc4 20. Bf3 Ne3+ 21.
Kd2 Nxg4 22. R6h4 f5 23. Bxg4 fxe4 24. Nxe4 Bxg4 25. Rxg4 Nxg5 26. Nf2 Rxh1 27.
Nxh1 Ne4+ 0-1

[Event "Club Championships A Grade"]
[Site "Wellington Chess Club"]
[Date "2020.11.12"]
[Round "7.6"]
[White "Forster, Bill"]
[Black "Pomeroy, Arthur"]
[Result "1-0"]
[WhiteElo "2019"]
[BlackElo "2021"]

1. d4 Nf6 2. c4 g6 3. Nc3 Bg7 4. e4 d6 5. Nf3 O-O 6. h3 c5 7. d5 e6 8. Bd3 exd5
9. cxd5 b5 10. Bxb5 Nxe4 11. Nxe4 Qa5+ 12. Nc3 Bxc3+ 13. bxc3 Qxb5 14. Be3 Ba6
15. Ng5 Qc4 16. f3 Qh4+ 17. Kd2 Nd7 18. Ne4 Ne5 19. Bg5 Qh5 1-0

[Event "Club Championships A Grade"]
[Site "Wellington Chess Club"]
[Date "2020.11.12"]
[Round "7.7"]
[White "Wojnar, Jacek"]
[Black "Rossiter, Philip"]
[Result "1-0"]
[WhiteElo "2052"]
[BlackElo "1885"]

1. e4 d5 2. exd5 Nf6 3. Bb5+ Bd7 4. Bc4 c6 5. Nc3 cxd5 6. Nxd5 e6 7. Nxf6+ Qxf6
8. Nf3 Bd6 9. d4 O-O 10. O-O h6 11. Re1 Nc6 12. c3 Rad8 13. Qe2 Ne7 14. Ne5 Nd5
15. Qg4 Kh8 16. Nxd7 1-0

[Event "Club Championships A Grade"]
[Site "Wellington Chess Club"]
[Date "2020.11.12"]
[Round "7.8"]
[White "Stone, Andrew"]
[Black "Ross, Matt"]
[Result "1/2-1/2"]
[WhiteElo "2043"]
[BlackElo "1889"]

1. e4 c5 2. d4 Qb6 3. Nc3 cxd4 4. Nd5 Qa5+ 5. Bd2 Qd8 6. Bf4 d6 7. Bg3 e5 8. c3
Nc6 9. Bc4 Nf6 10. Bh4 Be7 11. Bxf6 Bxf6 12. Ne2 dxc3 13. Nexc3 O-O 14. O-O Bg5
15. f4 exf4 16. Nxf4 Qb6+ 17. Kh1 Bxf4 18. Rxf4 Qxb2 19. Nb5 Be6 20. Nxd6 Qe5
21. Rf2 Rad8 22. Bxe6 Rxd6 23. Bd5 Ne7 24. Rd2 Nxd5 25. exd5 Rfd8 26. Rc1 h5
27. h3 Rxd5 28. Rxd5 Qxd5 29. Qc2 Qg5 30. Re1 g6 31. Qc7 Qd2 32. Re7 Qd1+ 33.
Kh2 Qd6+ 34. Qxd6 Rxd6 35. Rxb7 Ra6 36. Rb2 Ra3 37. h4 Kg7 38. Rf2 f6 39. Rc2
g5 40. hxg5 f5 41. Rc6 Rxa2 42. Rf6 a5 43. Rxf5 Kg6 44. Rc5 a4 45. Ra5 a3 46.
Kh3 Ra1 47. g4 a2 48. gxh5+ Kxh5 49. Kh2 1/2-1/2

[Event "Club Championships A Grade"]
[Site "Wellington Chess Club"]
[Date "2020.11.19"]
[Round "8.1"]
[White "Jackson, Ross"]
[Black "Ker, Anthony"]
[Result "0-1"]
[WhiteElo "2030"]
[BlackElo "2437"]

1. e4 c5 2. Nf3 g6 3. d4 cxd4 4. Nxd4 Nc6 5. Nc3 Bg7 6. Be3 Nf6 7. Be2 O-O 8.
O-O d6 9. Kh1 Bd7 10. Nb3 Qc8 11. f4 Bg4 12. Bg1 Rd8 13. Nd5 Bxe2 14. Qxe2 Nxd5
15. exd5 Nb4 16. c4 b5 17. cxb5 Nxd5 18. Nd4 a6 19. a4 axb5 20. Nxb5 Qf5 21.
Ra3 Rdc8 22. g4 Nxf4 23. Qxe7 Qd5+ 24. Raf3 Be5 25. Nc7 Qb7 26. Bb6 Rxa4 27.
Qd7 Ra1 0-1

[Event "Club Championships A Grade"]
[Site "Wellington Chess Club"]
[Date "2020.11.19"]
[Round "8.2"]
[White "Russell, Athula"]
[Black "Forster, Bill"]
[Result "1-0"]
[WhiteElo "2250"]
[BlackElo "2019"]

1. d4 d5 2. Nf3 Nf6 3. Bf4 Bf5 4. c4 c6 5. cxd5 cxd5 6. Nc3 e6 7. Qb3 Qb6 8.
Qxb6 axb6 9. e3 Bb4 10. Bb5+ Ke7 11. Nd2 Nbd7 12. a4 Rhc8 13. Rc1 Ne8 14. Ke2
Nd6 15. Bxd6+ Bxd6 16. f3 Rc7 17. e4 dxe4 18. fxe4 Bg4+ 19. Kd3 Rac8 20. Nc4
Bf4 21. Rcf1 Be5 22. Nxe5 Nxe5+ 23. dxe5 1-0

[Event "Club Championships A Grade"]
[Site "Wellington Chess Club"]
[Date "2020.11.19"]
[Round "8.3"]
[White "Dive, Russell"]
[Black "Croad, Nicolas"]
[Result "1-0"]
[WhiteElo "2414"]
[BlackElo "2440"]

1. d4 Nf6 2. c4 e6 3. Nc3 Bb4 4. Qc2 d5 5. Nf3 O-O 6. Bg5 h6 7. Bh4 c5 8. e3
cxd4 9. exd4 b6 10. cxd5 exd5 11. Be2 Bxc3+ 12. bxc3 Ba6 13. Bxa6 Nxa6 14. O-O
Nc7 15. Ne5 g5 16. Bg3 Ne4 17. f3 Nxg3 18. hxg3 Ne6 19. Ng4 h5 20. Nh6+ Kg7 21.
Nf5+ Kh8 22. Kf2 Ng7 23. Rh1 Qf6 24. Rxh5+ Nxh5 25. Rh1 Rfe8 26. Rxh5+ Kg8 27.
Rh6 Qd8 28. Nd6 Qc7 29. Qh7+ Kf8 30. Rf6 Re2+ 31. Kxe2 Qe7+ 32. Ne4 dxe4 33.
Qh8# 1-0

[Event "Club Championships A Grade"]
[Site "Wellington Chess Club"]
[Date "2020.11.19"]
[Round "8.4"]
[White "Wojnar, Jacek"]
[Black "Cilia Vincenti, David"]
[Result "0-1"]
[WhiteElo "2052"]
[BlackElo "2264"]

1. e4 d5 2. exd5 Qxd5 3. Nc3 Qd8 4. d4 Nf6 5. Bc4 a6 6. a4 Nc6 7. Nf3 Bg4 8. d5
Ne5 9. Be2 Bxf3 10. Bxf3 Qd7 11. Bf4 Qf5 12. Bxe5 Qxe5+ 13. Qe2 Qxe2+ 14. Kxe2
O-O-O 15. Rhe1 g5 16. Ne4 Nxe4 17. Bxe4 Bg7 18. c3 h5 19. Rad1 Rd6 20. Rd3 a5
21. Kd2 Bf6 22. Kc2 b6 23. Rb1 g4 24. b4 axb4 25. Rxb4 Kd7 26. Bf5+ e6 27.
dxe6+ fxe6 28. Bg6 Be5 29. Rb5 Rxd3 30. Kxd3 Kd6 31. c4 h4 32. g3 Rf8 33. Ke3
Rf3+ 34. Ke4 Rxf2 35. Rxe5 Re2+ 36. Kf4 Rxe5 37. gxh4 Rc5 38. Bd3 e5+ 39. Kxg4
e4 40. Bxe4 Rxc4 41. Kf5 Rxa4 42. h5 Rxe4 0-1

[Event "Club Championships A Grade"]
[Site "Wellington Chess Club"]
[Date "2020.11.19"]
[Round "8.6"]
[White "Ross, Matt"]
[Black "Sellen, Ian"]
[Result "0-1"]
[WhiteElo "1889"]
[BlackElo "2046"]

{]} 1. e4 c5 2. Nc3 Nc6 3. f4 g6 4. Nf3 Bg7 5. Bb5 e6 6. O-O Nge7 7. Ne2 a6 8.
Bxc6 Nxc6 9. d4 cxd4 10. Nexd4 O-O 11. c3 d5 12. e5 Bd7 13. Be3 Na5 14. b3 Rc8
15. Rc1 b5 16. Qe2 Re8 17. a4 bxa4 18. Qxa6 Ra8 19. Qe2 axb3 20. Nd2 Rb8 21.
Rb1 b2 22. Nc2 Bb5 23. Qf2 Bxf1 24. Qxf1 Qc7 25. Bd4 Nc4 26. Nxc4 Qxc4 27. Qxc4
dxc4 28. Nb4 Bf8 29. Rxb2 Rec8 30. Kf2 Rb7 31. Be3 Rcb8 32. Bd2 Kg7 33. Ke3
Bc5+ 34. Ke4 Ra8 35. Nd3 Rxb2 36. Nxb2 Bg1 37. Nxc4 Bxh2 38. Be3 Bg3 39. Nd2
Be1 40. g4 Rc8 41. Kd3 Bxd2 42. Kxd2 Kf8 43. Kd3 Ke7 44. Bd4 Kd7 45. Ke4 h5 46.
f5 gxf5+ 47. gxf5 h4 48. fxe6+ fxe6 49. Kf3 Rg8 50. Bf2 h3 51. Bg3 Kc6 52. Bh2
Kc5 53. Ke4 Rg2 54. Bf4 h2 55. Bxh2 Rxh2 56. Kd3 Rh4 57. c4 Rxc4 58. Ke3 Kd5
59. Kd3 Rh4 60. Ke3 Kxe5 61. Kf3 Rb4 62. Kg3 Rf4 63. Kg2 Ke4 64. Kg3 Ke3 65.
Kg2 Rf3 66. Kg1 Rf2 67. Kh1 Kf3 68. Kg1 {Draw offered by white} 68... Kg3 69.
Kh1 Rf1# 0-1

[Event "Club Championships A Grade"]
[Site "Wellington Chess Club"]
[Date "2020.11.19"]
[Round "8.7"]
[White "Rossiter, Philip"]
[Black "Pomeroy, Arthur"]
[Result "1/2-1/2"]
[WhiteElo "1885"]
[BlackElo "2021"]

1. c4 g6 2. g3 Bg7 3. Bg2 d6 4. Nf3 Nc6 5. Nc3 e5 6. d3 Nf6 7. Bd2 O-O 8. O-O
h6 9. Nd5 Be6 10. Nxf6+ Qxf6 11. Bc3 Qe7 12. Rc1 a5 1/2-1/2

[Event "Club Championships A Grade"]
[Site "Wellington Chess Club"]
[Date "2020.11.26"]
[Round "9.1"]
[White "He, Paul"]
[Black "Ker, Anthony"]
[Result "0-1"]
[WhiteElo "1911"]
[BlackElo "2437"]

1. c4 c5 2. g3 g6 3. Bg2 Bg7 4. Nf3 Nc6 5. O-O e5 6. Nc3 Nge7 7. e4 d6 8. d3
O-O 9. Ne1 f5 10. f4 Be6 11. Nc2 fxe4 12. Nxe4 Qd7 13. Rb1 a5 14. b3 b6 15. Ng5
Bg4 16. Qe1 h6 17. Nf3 Rae8 18. Nh4 exf4 19. gxf4 Nf5 20. Be4 Kh7 21. Nxg6 Kxg6
22. Qh4 h5 23. Bb2 Nd4 24. Bxd4 cxd4 25. Qf2 Kh6 26. Kg2 Rg8 27. Rbe1 Bf6 28.
Kh1 Bh4 0-1

[Event "Club Championships A Grade"]
[Site "Wellington Chess Club"]
[Date "2020.11.26"]
[Round "9.2"]
[White "Tanoi, Edward"]
[Black "Russell, Athula"]
[Result "0-1"]
[WhiteElo "1947"]
[BlackElo "2250"]

1. d4 d5 2. c4 c6 3. Nc3 Nf6 4. cxd5 cxd5 5. Bf4 Nc6 6. e3 a6 7. Rc1 Bf5 8. f3
e6 9. g4 Bg6 10. h4 h5 11. g5 Ng8 12. Rh2 Bd6 13. Bd3 Nge7 14. Bxg6 Nxg6 15.
Nge2 Nxf4 16. exf4 Ne7 17. Qd2 Ng6 18. Rh3 O-O 19. Kf2 Qb8 20. f5 Nf4 21. Rg3
Nxe2 22. Nxe2 Bxg3+ 23. Nxg3 exf5 24. Kg2 g6 25. Rc5 Qd6 26. Qc1 Rfe8 27. Rc7
f4 28. Nh1 Kg7 29. Nf2 Re2 30. a4 Rae8 31. a5 Re1 32. Qc3 Qe6 33. Rxb7 Ra1 34.
Qc7 Qf5 35. Ra7 Ree1 36. Rxa6 Qb1 37. Qxf4 Rg1+ 38. Kh2 Rh1+ 39. Nxh1 Qxh1+ 40.
Kg3 Rg1+ 41. Kf2 Rg2+ 0-1

[Event "Club Championships A Grade"]
[Site "Wellington Chess Club"]
[Date "2020.11.26"]
[Round "9.3"]
[White "Sellen, Ian"]
[Black "Dive, Russell"]
[Result "0-1"]
[WhiteElo "2046"]
[BlackElo "2414"]

1. c4 e5 2. Nc3 d6 3. Nf3 f5 4. e4 Nf6 5. Bd3 f4 6. b4 Be7 7. Qb3 a5 8. b5 Nbd7
9. Ba3 Ng4 10. h3 Nh6 11. Be2 Nf7 12. Rd1 O-O 13. d4 Kh8 14. dxe5 Nfxe5 15. Nd5
Nxf3+ 16. Bxf3 Bf6 $2 17. Nxf4 a4 18. Qc2 Ne5 19. Nd5 $2 (19. Be2 Bh4 20. g3
{white survives with a pawn up} ) 19... Nxf3+ 20. gxf3 Be5 21. Ke2 c6 22. Nb4
Qf6 23. Qd3 Be6 24. Rc1 Rac8 25. bxc6 bxc6 26. Rc2 Bf7 27. Rg1 Qh4 28. f4 Bh5+
29. Ke1 Rxf4 30. Bb2 Rxe4+ 31. Kf1 Bg6 32. Bxe5 Rxe5 33. Rxg6 hxg6 34. Kg2 Rg5+
35. Kh2 Qf4+ 36. Kh1 Re8 37. Re2 Qc1+ 0-1

[Event "Club Championships A Grade"]
[Site "Wellington Chess Club"]
[Date "2020.11.26"]
[Round "9.4"]
[White "Cilia Vincenti, David"]
[Black "Jackson, Ross"]
[Result "1-0"]
[WhiteElo "2264"]
[BlackElo "2030"]

1. d4 d5 2. c4 c6 3. cxd5 cxd5 4. Bf4 Nc6 5. Nc3 e6 6. e3 Bd6 7. Bxd6 Qxd6 8.
f4 Nge7 9. Nf3 f6 10. Qd2 Bd7 11. Be2 Nd8 12. O-O O-O 13. Rac1 Nf7 14. e4 f5
15. exd5 exd5 16. Ne5 a6 17. b3 Rad8 18. Nxd7 Rxd7 19. Na4 Nc6 20. Nb6 Rdd8 21.
Rc5 Nxd4 22. Qxd4 Qxb6 23. Rd1 Rc8 24. Rxd5 Qxd4+ 25. R1xd4 Rc2 26. Bd3 Rxa2
27. Bxf5 Re8 28. Rd2 Ra1+ 29. Kf2 g6 30. Bd7 Re4 31. g3 Ra3 32. R5d3 Kg7 33.
Kf3 Re1 34. Rc2 g5 35. Rc7 b5 36. Bg4 Kf6 37. Bh5 Re7 38. Rxe7 Kxe7 39. Bxf7
Kxf7 40. fxg5 a5 41. Ke4 a4 42. bxa4 Rxa4+ 43. Kd5 Kg6 44. h4 h6 45. gxh6 Kxh6
46. Kc5 b4 47. Rb3 Ra3 48. Kxb4 1-0

[Event "Club Championships A Grade"]
[Site "Wellington Chess Club"]
[Date "2020.11.26"]
[Round "9.5"]
[White "Croad, Nicolas"]
[Black "Ross, Matt"]
[Result "1-0"]
[WhiteElo "2440"]
[BlackElo "1889"]

1. e4 c5 2. Nc3 g6 3. Nf3 Bg7 4. d4 cxd4 5. Nxd4 d6 6. Be3 a6 7. Bc4 Nc6 8. f3
e6 9. Qd2 Bh6 10. Nxc6 Bxe3 11. Qxe3 bxc6 12. O-O-O Ne7 13. Qd4 e5 14. Qxd6 O-O
15. Qxd8 Rxd8 16. Rxd8+ Kg7 17. Rhd1 Ra7 18. Na4 f5 19. Nb6 Rc7 20. Nxc8 Nxc8
21. exf5 Nb6 22. Bd3 a5 23. fxg6 hxg6 24. Rd6 e4 25. Bxe4 Nd5 26. Bxd5 cxd5 27.
R1xd5 a4 28. Rd7+ Rxd7 29. Rxd7+ Kh6 30. h4 a3 31. bxa3 g5 32. hxg5+ Kxg5 33.
Rd4 Kf5 34. Re4 Kg5 35. a4 Kf5 36. a5 Kg5 37. a6 Kf5 38. a7 Kg6 39. a8=Q Kf7
40. Qc6 Kg7 41. Re7+ Kf8 42. Qe8# 1-0